Library Logo

Pioneer International University Library Catalogue

THE CONTROLLER'S FUNCTION: (Record no. 9863)

MARC details
000 -LEADER
fixed length control field 00485nam a22001577a 4500
003 - CONTROL NUMBER IDENTIFIER
control field OSt
005 - DATE AND TIME OF LATEST TRANSACTION
control field 20251202112114.0
008 - FIXED-LENGTH DATA ELEMENTS--GENERAL INFORMATION
fixed length control field 251202b |||||||| |||| 00| 0 eng d
020 ## - INTERNATIONAL STANDARD BOOK NUMBER
International Standard Book Number 0471383074
040 ## - CATALOGING SOURCE
Transcribing agency JOHN WILEY & SONS ,INC
050 ## - LIBRARY OF CONGRESS CALL NUMBER
Classification number HF 5657.4 .R63 2000
Item number .R63 2000
245 ## - TITLE STATEMENT
Title THE CONTROLLER'S FUNCTION:
Remainder of title THE WORK OF THE MANAGERIAL ACCOUNTANT /
Statement of responsibility, etc. ROEHL-ANDERSON, JANICE M.
250 ## - EDITION STATEMENT
Edition statement 1ST EDITION
260 ## - PUBLICATION, DISTRIBUTION, ETC.
Place of publication, distribution, etc. TORONTO:
Name of publisher, distributor, etc. JOHN WILEY &SONS .INC
Date of publication, distribution, etc. 2000
942 ## - ADDED ENTRY ELEMENTS (KOHA)
Source of classification or shelving scheme Library of Congress Classification
Koha item type Books
Suppress in OPAC No
Holdings
Withdrawn status Lost status Source of classification or shelving scheme Damaged status Not for loan Home library Current library Date acquired Total checkouts Barcode Date last seen Price effective from Koha item type
    Library of Congress Classification     PIU Library PIU Library 12/02/2025   PIUDL891 12/02/2025 12/02/2025 Books